[Event "18th Asian-ch"]
[Site "New Delhi IND"]
[Date "2022.10.26"]
[Round "1.28"]
[White "Batchuluun, Tsegmed"]
[Black "Ritviz, Parab"]
[Result "1-0"]
[WhiteElo "2487"]
[BlackElo "2337"]
[EventDate "2022.10.26"]
[PlyCount "59"]

1.d4 d5 2.c4 Nc6 3.Nf3 Bg4 4.cxd5 Bxf3 5.gxf3 Qxd5 6.e3 e5 7.Nc3 Bb4 8.Bd2
Bxc3 9.bxc3 Qd6 10.Qb3 O-O-O 11.Qxf7 Nh6 12.Qb3 Rhf8 13.Be2 Nf5 14.d5 Nce7
15.c4 Nh4 16.Bb4 Qf6 17.O-O-O Rf7 18.Qa3 Kb8 19.Rhg1 g5 20.Rg3 h6 21.Bc3 
Neg6 22.c5 Qe7 23.Qb4 e4 24.Ba6 c6 25.dxc6 Rxd1+ 26.Kxd1 Nxf3 27.Bxb7 Qd8+
28.Kc1 Nge5 29.Ba6+ Ka8 30.Qxe4 1-0

[Event "18th Asian-ch"]
[Site "New Delhi IND"]
[Date "2022.10.26"]
[Round "1.29"]
[White "Raahul, V. S."]
[Black "Karthik, Venkataraman"]
[Result "1/2-1/2"]
[WhiteElo "2333"]
[BlackElo "2486"]
[EventDate "2022.10.26"]
[PlyCount "93"]

1.c4 b6 2.Nc3 Bb7 3.d4 e6 4.e4 Bb4 5.f3 f5 6.exf5 Nh6 7.fxe6 Nf5 8.Bf4 O-O
9.Qd2 dxe6 10.O-O-O Qxd4 11.Qxd4 Nxd4 12.Bxc7 Bxc3 13.bxc3 Nf5 14.Re1 Na6 
15.Bf4 Nc5 16.Nh3 h6 17.Be3 Nxe3 18.Rxe3 Rac8 19.Be2 Rfd8 20.Nf2 Ba6 21.
Ne4 Nb7 22.Nd2 Kf7 23.Re1 Na5 24.Re4 Bb7 25.Rf4+ Ke7 26.Nb3 Nc6 27.Bf1 Rd6
28.c5 bxc5 29.Nxc5 Nd8 30.Nxb7 Nxb7 31.Rc4 Nc5 32.Kc2 Rd5 33.Rd1 Rxd1 34.
Kxd1 e5 35.Kc2 Ke6 36.f4 Rc7 37.Be2 exf4 38.Rxf4 Ke5 39.Rf3 Kd6 40.Bd3 Re7
41.Rg3 Rf7 42.Be2 Rf2 43.Rg6+ Ke5 44.Kd1 Ne4 45.Ke1 Rf7 46.Rc6 Rf2 47.Rg6 
1/2-1/2

[Event "18th Asian-ch"]
[Site "New Delhi IND"]
[Date "2022.10.26"]
[Round "1.30"]
[White "Aditya, Mittal"]
[Black "Manish Anto, Cristiano F."]
[Result "1-0"]
[WhiteElo "2486"]
[BlackElo "2332"]
[EventDate "2022.10.26"]
[PlyCount "95"]

1.e4 c5 2.Nf3 d6 3.d4 cxd4 4.Nxd4 Nf6 5.Nc3 Nc6 6.Bg5 e6 7.Qd3 Be7 8.Be2 
O-O 9.Nxc6 bxc6 10.Qg3 d5 11.e5 Nh5 12.Bxe7 Nxg3 13.Bxd8 Nxe2 14.Be7 Re8 
15.Bc5 Nxc3 16.bxc3 Ba6 17.Kd2 Reb8 18.a4 Rb7 19.Rhb1 Rab8 20.Rb4 f6 21.
Bd6 Rxb4 22.cxb4 Rb7 23.Re1 Kf7 24.Kc3 fxe5 25.Rxe5 Ke8 26.Bc5 Kd7 27.Kd4 
Bc4 28.Re3 a6 29.Rf3 a5 30.Rf7+ Kc8 31.Rf8+ Kc7 32.c3 g6 33.f4 Bf1 34.g3 
Bc4 35.Ke5 Bb3 36.bxa5 Bc4 37.Bb6+ Kd7 38.Rd8+ Ke7 39.Rh8 Kd7 40.Rxh7+ Kc8
41.Rh8+ Kd7 42.Rd8+ Ke7 43.Ra8 Kf7 44.Kd6 Bb3 45.Kc5 d4 46.cxd4 Rd7 47.Rd8
Rd5+ 48.Rxd5 1-0

[Event "18th Asian-ch"]
[Site "New Delhi IND"]
[Date "2022.10.26"]
[Round "1.31"]
[White "Ratnakaran, K."]
[Black "Vignesh, N. R."]
[Result "1/2-1/2"]
[WhiteElo "2329"]
[BlackElo "2486"]
[EventDate "2022.10.26"]
[PlyCount "103"]

1.e4 c5 2.Nf3 d6 3.c3 Nf6 4.h3 Nc6 5.d3 g6 6.Be3 Bg7 7.Be2 O-O 8.g4 c4 9.
g5 cxd3 10.Qxd3 Nd7 11.h4 Nc5 12.Qc2 Bg4 13.Nbd2 Rc8 14.Nf1 b5 15.N1h2 
Bxf3 16.Nxf3 b4 17.c4 b3 18.axb3 Nb4 19.Qb1 Nxb3 20.Ra3 Nc5 21.h5 Qb6 22.
e5 dxe5 23.Nd2 Nc6 24.hxg6 hxg6 25.Rb3 Nxb3 26.Bxb6 Nxd2 27.Kxd2 axb6 28.
Rh3 Rfd8+ 29.Ke1 Nd4 30.Rc3 e4 31.Re3 b5 32.Rxe4 bxc4 33.Rxe7 Re8 34.Re3 
Rxe3 35.fxe3 Nxe2 36.Kxe2 Rb8 37.Kf3 Rxb2 38.Qe4 c3 39.Qe8+ Bf8 40.Qc8 c2 
41.e4 Ra2 42.Kg4 Kg7 43.Qc3+ Kh7 44.Qc7 Kg8 45.Qc8 Ra1 46.Qxc2 Rg1+ 47.Kh4
Be7 48.Qc8+ Kh7 49.Qc4 Bxg5+ 50.Kh3 Kg8 51.Qc8+ Kg7 52.Qc3+ 1/2-1/2

[Event "18th Asian-ch"]
[Site "New Delhi IND"]
[Date "2022.10.26"]
[Round "1.32"]
[White "Atabaev, Maksat"]
[Black "Aaryan, Varshney"]
[Result "1-0"]
[WhiteElo "2475"]
[BlackElo "2312"]
[EventDate "2022.10.26"]
[PlyCount "127"]

1.e4 e5 2.Nf3 Nc6 3.Bc4 Bc5 4.d3 Nf6 5.Nc3 d6 6.Bg5 h6 7.Bxf6 Qxf6 8.Nd5 
Qd8 9.c3 a6 10.h3 O-O 11.O-O Ba7 12.d4 Be6 13.Rc1 Re8 14.Re1 b5 15.Bb3 Rc8
16.Ne3 Bxb3 17.axb3 exd4 18.cxd4 Nb4 19.Qd2 c5 20.Nf5 Qf6 21.g4 Nc6 22.d5 
Nb4 23.Rcd1 Rcd8 24.Qc3 Qxc3 25.bxc3 Na2 26.c4 bxc4 27.bxc4 f6 28.h4 Bb6 
29.g5 hxg5 30.hxg5 Kf7 31.gxf6 gxf6 32.Rb1 Nb4 33.N3d4 Rd7 34.Ne6 a5 35.
Re3 Rxe6 36.dxe6+ Kxe6 37.Rd1 Ke5 38.Kf1 Bc7 39.Ke2 Rh7 40.Rf3 Nc6 41.Rfd3
Nb4 42.Rg3 Kxe4 43.Ng7 Bb8 44.Re3+ Kf4 45.Rg1 d5 46.Rf3+ Ke5 47.Rf5+ Kd4 
48.cxd5 Be5 49.f4 Bb8 50.Kf3 c4 51.d6 Bxd6 52.Rxa5 Kc3 53.Nf5 Rh3+ 54.Kg4 
Rd3 55.Ra3+ Kc2 56.Rg2+ Kb1 57.Rxd3 cxd3 58.Nxd6 Kc1 59.Nc4 Nd5 60.Kf5 d2 
61.Rxd2 Ne3+ 62.Nxe3 Kxd2 63.Ng4 Kd3 64.Nxf6 1-0

[Event "18th Asian-ch"]
[Site "New Delhi IND"]
[Date "2022.10.26"]
[Round "1.33"]
[White "Liyanage Ranindu, Dilshan"]
[Black "Chanda, Sandipan"]
[Result "0-1"]
[WhiteElo "2310"]
[BlackElo "2474"]
[EventDate "2022.10.26"]
[PlyCount "86"]

1.e4 e5 2.Nf3 d6 3.d4 exd4 4.Nxd4 g6 5.Nc3 Bg7 6.g3 Nf6 7.Bg2 O-O 8.O-O 
Re8 9.h3 a5 10.Re1 Bd7 11.a4 Na6 12.Nb3 b6 13.Bg5 h6 14.Be3 Qc8 15.g4 h5 
16.g5 Nh7 17.h4 Bxc3 18.bxc3 Bc6 19.f3 Qd7 20.c4 Bxa4 21.Bc1 Bxb3 22.cxb3 
Nc5 23.Bb2 Rf8 24.b4 Ne6 25.bxa5 Rxa5 26.Rxa5 bxa5 27.Qd2 Qc6 28.Rc1 Qc5+ 
29.Kh1 Rb8 30.Qc3 f6 31.Rc2 a4 32.gxf6 Kf7 33.e5 Rb3 34.Qd2 a3 35.Bc3 Qxc4
36.Bd4 Qxd4 37.Qxd4 Nxd4 38.Rxc7+ Ke6 39.Rxh7 a2 40.Re7+ Kd5 41.f4+ Nf3 
42.Bxf3+ Rxf3 43.Kg2 Ra3 0-1

[Event "18th Asian-ch"]
[Site "New Delhi IND"]
[Date "2022.10.26"]
[Round "1.34"]
[White "Mitrabha, Guha"]
[Black "Chakravarthi Reddy, M."]
[Result "1-0"]
[WhiteElo "2474"]
[BlackElo "2301"]
[EventDate "2022.10.26"]
[PlyCount "63"]

1.e4 e6 2.d4 d5 3.e5 c5 4.c3 Nc6 5.Nf3 Bd7 6.Be2 Nge7 7.Na3 cxd4 8.cxd4 
Nf5 9.Nc2 Be7 10.O-O h5 11.Rb1 g5 12.Bd3 g4 13.Bxf5 exf5 14.Nfe1 Be6 15.
Nd3 h4 16.b4 b6 17.a3 Bg5 18.Be3 Bxe3 19.fxe3 Rc8 20.a4 Ne7 21.Na3 a6 22.
Qd2 Ng6 23.a5 b5 24.Rbc1 O-O 25.Rc5 f6 26.Nc2 Qe7 27.Nf4 Nxf4 28.exf4 Rxc5
29.dxc5 fxe5 30.fxe5 Qg7 31.Nd4 Bc8 32.Qf4 1-0

[Event "18th Asian-ch"]
[Site "New Delhi IND"]
[Date "2022.10.26"]
[Round "1.35"]
[White "Jain Kashish, Manoj"]
[Black "Raja Rithvik, R."]
[Result "0-1"]
[WhiteElo "2300"]
[BlackElo "2470"]
[EventDate "2022.10.26"]
[PlyCount "80"]

1.e4 c5 2.Nf3 d6 3.d4 cxd4 4.Nxd4 Nf6 5.Nc3 a6 6.a4 e5 7.Nf3 Be7 8.Bc4 Be6
9.Qe2 Qc8 10.Bb3 Nbd7 11.Be3 Nc5 12.Bxc5 Qxc5 13.O-O O-O 14.Rfd1 Qc6 15.
Nd2 Rac8 16.Nf1 Bd8 17.Qd3 Ba5 18.Nd5 Bxd5 19.Bxd5 Qxc2 20.Bxb7 Qxd3 21.
Rxd3 Rc2 22.f3 Rb8 23.Rb3 Nd7 24.Bd5 Rxb3 25.Bxb3 Rxb2 26.Bc4 Bb6+ 27.Kh1 
Bd4 28.Rc1 a5 29.Ng3 g6 30.Bb5 Nc5 31.Rd1 Rb4 32.Ne2 Nxa4 33.Bc6 Nb6 34.
Nxd4 exd4 35.Kg1 a4 36.Ra1 d3 37.Ra2 Rd4 38.Rd2 Nc4 39.Rd1 Nb2 40.Rd2 a3 
0-1

[Event "18th Asian-ch"]
[Site "New Delhi IND"]
[Date "2022.10.26"]
[Round "1.36"]
[White "Venkatesh, M. R."]
[Black "Kakabaev, Mergen"]
[Result "1-0"]
[WhiteElo "2470"]
[BlackElo "2285"]
[EventDate "2022.10.26"]
[PlyCount "75"]

1.e4 e5 2.Nf3 Nc6 3.Bb5 a6 4.Ba4 Nf6 5.d3 b5 6.Bb3 Be7 7.a4 Rb8 8.axb5 
axb5 9.Nc3 d6 10.h3 O-O 11.Be3 Be6 12.Bxe6 fxe6 13.Ne2 Qd7 14.Ng3 Ra8 15.
O-O Rxa1 16.Qxa1 Nb4 17.Ne1 c5 18.c3 Nc6 19.Nf3 Rb8 20.Qa2 h6 21.Ra1 Bf8 
22.Qb3 c4 23.dxc4 bxc4 24.Qxc4 Rxb2 25.Ra6 Nd8 26.Kh2 Rb7 27.Qa2 Nf7 28.c4
Rc7 29.Nd2 g5 30.c5 d5 31.exd5 Nxd5 32.Nde4 Bg7 33.Nh5 Rc6 34.Qa4 Rc7 35.
Ra8+ Nd8 36.Qxd7 Rxd7 37.c6 Nc7 38.Rc8 1-0

[Event "18th Asian-ch"]
[Site "New Delhi IND"]
[Date "2022.10.26"]
[Round "1.37"]
[White "Aradhya, Garg"]
[Black "Bilguun, Sumiya"]
[Result "0-1"]
[WhiteElo "2284"]
[BlackElo "2467"]
[EventDate "2022.10.26"]
[PlyCount "172"]

1.d4 d5 2.c4 e6 3.Nf3 a6 4.Nc3 dxc4 5.e4 b5 6.a4 b4 7.Ne2 Nf6 8.Ng3 c3 9.
Bd3 c5 10.O-O cxd4 11.e5 Nd5 12.Nxd4 Bc5 13.Nb3 Be7 14.bxc3 Nxc3 15.Qc2 
Bb7 16.Bb2 Nd7 17.Bxc3 Rc8 18.Be4 Rxc3 19.Qb2 Qc7 20.Rfd1 Rxg3 21.hxg3 
Bxe4 22.Rac1 Qb8 23.Na5 Nb6 24.Rd4 Bd5 25.Rxb4 Bxb4 26.Qxb4 Kd7 27.Rb1 Rc8
28.Qd4 Qc7 29.Rxb6 Qc1+ 30.Kh2 Qh6+ 31.Qh4 Qxh4+ 32.gxh4 Rc2 33.Kg3 Kc7 
34.Rxa6 h5 35.f3 f5 36.Rd6 Rc5 37.Ra6 Rc2 38.Rd6 Ra2 39.Nc6 Bxc6 40.Rxe6 
Rxa4 41.Re7+ Kd8 42.Rxg7 f4+ 43.Kh3 Ra1 44.Kh2 Be8 45.Rb7 Bd7 46.e6 Be8 
47.Rb4 Ra4 48.Rb7 Rc4 49.Kg1 Ra4 50.Kh2 Ra5 51.Rb4 Rf5 52.Rb7 Bg6 53.Rg7 
Rf6 54.Rd7+ Ke8 55.Kg1 Rxe6 56.Rd4 Rf6 57.Kf2 Ke7 58.Ra4 Be8 59.Re4+ Kf8 
60.Re5 Bg6 61.Ra5 Rf5 62.Ra7 Bf7 63.Ra4 Ke7 64.Ke2 Kd6 65.Kd3 Ke5 66.Re4+ 
Kf6 67.Ra4 Rd5+ 68.Ke2 Kf5 69.Ra7 Be6 70.Ra4 Rc5 71.Kf2 Rc1 72.Ra5+ Kg6 
73.Ra6 Kf6 74.Ke2 Ke5 75.Ra5+ Bd5 76.Ra4 Rb1 77.Kf2 Bc6 78.Ra3 Bb5 79.g4 
hxg4 80.fxg4 Rb2+ 81.Ke1 Ke4 82.Ra7 f3 83.Re7+ Kf4 84.Rf7+ Kg3 85.g5 f2+ 
86.Kd1 f1=Q+ 0-1

[Event "18th Asian-ch"]
[Site "New Delhi IND"]
[Date "2022.10.26"]
[Round "1.38"]
[White "Samant Aditya, S."]
[Black "Ayush, Sharma"]
[Result "1/2-1/2"]
[WhiteElo "2467"]
[BlackElo "2267"]
[EventDate "2022.10.26"]
[PlyCount "64"]

1.e4 c5 2.Nf3 d6 3.d4 cxd4 4.Nxd4 Nf6 5.Nc3 a6 6.Be3 e5 7.Nf3 Be7 8.h3 
Nbd7 9.g4 h6 10.g5 hxg5 11.Nxg5 Nc5 12.Qf3 Ne6 13.h4 Nd4 14.Bxd4 exd4 15.
Nd5 Bg4 16.Nxf6+ Bxf6 17.Qxg4 Bxg5 18.Bc4 Rc8 19.Bb3 Rc5 20.f4 Rxh4 21.
Rxh4 Bxh4+ 22.Ke2 Bf6 23.Rh1 Ke7 24.Rh5 Qa5 25.Rxc5 Qxc5 26.Qf3 Qc6 27.Qd3
b5 28.Qf3 g6 29.Kd3 a5 30.Qh3 a4 31.Bd5 Qc7 32.a3 b4 1/2-1/2

[Event "18th Asian-ch"]
[Site "New Delhi IND"]
[Date "2022.10.26"]
[Round "1.39"]
[White "Sharma Dinesh, K."]
[Black "Urazaev, Arystanbek"]
[Result "0-1"]
[WhiteElo "2242"]
[BlackElo "2458"]
[EventDate "2022.10.26"]
[PlyCount "50"]

1.d4 Nf6 2.c4 g6 3.Nc3 Bg7 4.e4 d6 5.Nf3 O-O 6.Be2 e5 7.Be3 exd4 8.Nxd4 
Re8 9.f3 c6 10.Qd2 d5 11.exd5 cxd5 12.c5 Nbd7 13.c6 Ne5 14.cxb7 Bxb7 15.b3
Nc6 16.Nxc6 Bxc6 17.Bd4 Nh5 18.O-O Bxd4+ 19.Qxd4 Ng7 20.Bd3 Ne6 21.Qf2 Nf4
22.Rad1 Qg5 23.h4 Nh3+ 24.Kh2 Nxf2 25.hxg5 Nxd1 0-1

[Event "18th Asian-ch"]
[Site "New Delhi IND"]
[Date "2022.10.26"]
[Round "1.40"]
[White "Abdisalimov, Abdimalik"]
[Black "Muradov, Soltan"]
[Result "0-1"]
[WhiteElo "2457"]
[BlackElo "2233"]
[EventDate "2022.10.26"]
[PlyCount "47"]

1.d4 d5 2.c4 c6 3.Nf3 Nf6 4.Nc3 e6 5.Bg5 dxc4 6.e4 b5 7.e5 h6 8.Bh4 g5 9.
Nxg5 hxg5 10.Bxg5 Be7 11.exf6 Bxf6 12.Bxf6 Qxf6 13.g3 Bb7 14.Bg2 Na6 15.
Nxb5 cxb5 16.Bxb7 Nb4 17.O-O Rd8 18.Qd2 Nd3 19.Bc6+ Kf8 20.Rfd1 Rxd4 21.
Qe3 Kg7 22.Bxb5 Re4 23.Qxa7 Ra8 24.Qb6 0-1

[Event "18th Asian-ch"]
[Site "New Delhi IND"]
[Date "2022.10.26"]
[Round "1.41"]
[White "Winkelman, Albert"]
[Black "Prraneeth, Vuppala"]
[Result "1-0"]
[WhiteElo "2229"]
[BlackElo "2451"]
[EventDate "2022.10.26"]
[PlyCount "99"]

1.e4 c5 2.Nf3 d6 3.d4 cxd4 4.Nxd4 Nf6 5.Nc3 a6 6.h3 e5 7.Nb3 Be7 8.Be3 h6 
9.g4 b5 10.a3 Bb7 11.Qf3 Nbd7 12.h4 Rc8 13.g5 Rxc3 14.gxf6 Rxe3+ 15.Qxe3 
Nxf6 16.Bg2 O-O 17.O-O-O Qa8 18.Rhe1 Nh5 19.Kb1 Nf4 20.Bf3 Rd8 21.h5 Ne6 
22.Bg4 Bg5 23.Qb6 Rd7 24.Bxe6 Bd8 25.Qe3 fxe6 26.Qh3 Rf7 27.f3 Bc7 28.Qxe6
Bc8 29.Qg6 Rf6 30.Qg3 Be6 31.Re3 Qf8 32.Rc3 Qf7 33.Qf2 Bc4 34.Nd2 Ba5 35.
b4 Bc7 36.Nxc4 bxc4 37.Qe2 Qxh5 38.Qxc4+ Rf7 39.Qxa6 Kh7 40.Rdd3 Bb8 41.b5
d5 42.Rxd5 Ba7 43.b6 Qg6 44.Rb3 h5 45.Qa5 Bb8 46.Rd8 Rb7 47.Qa8 Qg1+ 48.
Kb2 Rxb6 49.Rxb8 Qd4+ 50.Ka2 1-0

[Event "18th Asian-ch"]
[Site "New Delhi IND"]
[Date "2022.10.26"]
[Round "1.42"]
[White "Vaishali, R."]
[Black "Saravana, Krishnan P."]
[Result "0-1"]
[WhiteElo "2451"]
[BlackElo "2197"]
[EventDate "2022.10.26"]
[PlyCount "68"]

1.e4 e6 2.d4 d5 3.Nc3 Nf6 4.Bg5 dxe4 5.Nxe4 Nbd7 6.Nf3 h6 7.Bxf6 Nxf6 8.
Bd3 Nxe4 9.Bxe4 c5 10.d5 Qb6 11.O-O Be7 12.a4 O-O 13.a5 Qc7 14.a6 Rd8 15.
c4 f5 16.Bd3 b5 17.cxb5 exd5 18.b3 Bd7 19.Qc2 Rf8 20.Rad1 Bd6 21.Rfe1 Rac8
22.h3 Rf6 23.Bf1 d4 24.Bc4+ Kh8 25.Qd3 Rb8 26.b4 cxb4 27.Nxd4 Rd8 28.Nf3 
Be8 29.Qb3 Bh5 30.Rc1 Qb6 31.Ne5 Bc5 32.Rc2 Bd1 33.Nd7 Rxd7 34.Re8+ Rf8 
0-1

[Event "18th Asian-ch"]
[Site "New Delhi IND"]
[Date "2022.10.26"]
[Round "1.43"]
[White "Schain, Randolph"]
[Black "Pranesh, Munirethinam"]
[Result "0-1"]
[WhiteElo "2165"]
[BlackElo "2442"]
[EventDate "2022.10.26"]
[PlyCount "77"]

1.d4 d5 2.Nc3 Nf6 3.Bg5 a6 4.Bxf6 exf6 5.e4 dxe4 6.Nxe4 f5 7.Nc3 Bd6 8.Nf3
O-O 9.Be2 Nd7 10.O-O Nf6 11.Re1 g6 12.Qd2 b5 13.a3 Bb7 14.Rad1 Re8 15.h3 
Ne4 16.Qd3 c5 17.dxc5 Bxc5 18.Nxe4 fxe4 19.Qxd8 Raxd8 20.Nh2 e3 21.fxe3 
Bxe3+ 22.Kf1 Bd2 23.Bf3 Rxe1+ 24.Rxe1 Bxf3 25.Nxf3 Bxe1 26.Kxe1 f5 27.Ke2 
Kg7 28.Ke3 Kf6 29.b3 g5 30.c4 bxc4 31.bxc4 Re8+ 32.Kd3 g4 33.hxg4 fxg4 34.
Nd4 Ke5 35.Kc3 h5 36.g3 h4 37.gxh4 g3 38.h5 g2 39.h6 0-1

[Event "18th Asian-ch"]
[Site "New Delhi IND"]
[Date "2022.10.26"]
[Round "1.44"]
[White "Ajay, Karthikeyan"]
[Black "Jaiswal, Rupesh"]
[Result "1/2-1/2"]
[WhiteElo "2441"]
[BlackElo "2135"]
[EventDate "2022.10.26"]
[PlyCount "66"]

1.e4 c5 2.Nf3 d6 3.d4 cxd4 4.Nxd4 Nf6 5.Nc3 a6 6.Bd3 e5 7.Nde2 Be7 8.O-O 
Be6 9.f4 Qc7 10.Kh1 Nbd7 11.Be3 b5 12.h3 O-O 13.a3 exf4 14.Nxf4 Ne5 15.Bd4
Rfe8 16.Qe1 Rab8 17.Qf2 Bd8 18.Qg3 Qe7 19.a4 b4 20.Nce2 a5 21.b3 Rc8 22.
Rae1 Nfd7 23.Bb2 Qh4 24.Qe3 Bb6 25.Bd4 Bd8 26.Bb2 Bb6 27.Nd4 Nc6 28.Bb5 
Nde5 29.Qd2 Nxd4 30.Bxd4 Bxd4 31.Qxd4 Red8 32.Re2 Qe7 33.Nd3 Qc7 1/2-1/2

[Event "18th Asian-ch"]
[Site "New Delhi IND"]
[Date "2022.10.26"]
[Round "1.45"]
[White "Dang Vu Dung"]
[Black "Srihari, L. R."]
[Result "0-1"]
[WhiteElo "2017"]
[BlackElo "2436"]
[EventDate "2022.10.26"]
[PlyCount "62"]

1.Nc3 d5 2.d4 Nf6 3.Bf4 c5 4.e3 cxd4 5.exd4 a6 6.Bd3 Nc6 7.Nge2 g6 8.Na4 
Bg7 9.c3 O-O 10.Qd2 Re8 11.O-O e5 12.dxe5 Nxe5 13.Be3 Nxd3 14.Qxd3 Bd7 15.
Qc2 Ng4 16.Bd4 Bxd4 17.Nxd4 Qc7 18.Nf3 b5 19.h3 Nf6 20.Qd2 bxa4 21.Qh6 Bb5
22.c4 Bxc4 23.Rfc1 Qb6 24.Rc2 Ne4 25.Rd1 Bxa2 26.Rd4 Rac8 27.Rxe4 dxe4 28.
Ng5 Rxc2 29.Qxh7+ Kf8 30.Qh8+ Ke7 31.Qe5+ Kd7 0-1

[Event "18th Asian-ch"]
[Site "New Delhi IND"]
[Date "2022.10.26"]
[Round "1.46"]
[White "Nitish, Belurkar"]
[Black "Muhammed, Shuaau"]
[Result "1-0"]
[WhiteElo "2435"]
[BlackElo "2010"]
[EventDate "2022.10.26"]
[PlyCount "63"]

1.e4 e5 2.Nf3 Nc6 3.Bb5 a6 4.Ba4 Nf6 5.O-O Be7 6.Re1 b5 7.Bb3 d6 8.c3 O-O 
9.h3 Nb8 10.d4 Nbd7 11.Nbd2 Bb7 12.Bc2 Re8 13.Nf1 Bf8 14.Ng3 g6 15.a4 c5 
16.d5 c4 17.Bg5 Nc5 18.Qd2 Be7 19.Ra3 Nfd7 20.Be3 Qc7 21.Nh2 Nb6 22.f4 
Nbxa4 23.fxe5 dxe5 24.Ng4 Bh4 25.d6 Qd8 26.Rf1 Rf8 27.Rxa4 Bxg3 28.Bxc5 
bxa4 29.Nf6+ Kg7 30.Qg5 Bf4 31.Rxf4 h6 32.Qxe5 1-0

[Event "18th Asian-ch"]
[Site "New Delhi IND"]
[Date "2022.10.27"]
[Round "2.1"]
[White "Bilguun, Sumiya"]
[Black "Narayanan, Sunilduth Lyna"]
[Result "1/2-1/2"]
[WhiteElo "2467"]
[BlackElo "2663"]
[EventDate "2022.10.26"]
[PlyCount "145"]

1.e4 c5 2.Nc3 Nc6 3.Bb5 Nd4 4.Nf3 a6 5.Bd3 g6 6.b4 Nxf3+ 7.Qxf3 cxb4 8.Nd5
Bg7 9.Rb1 a5 10.a3 Nf6 11.axb4 Nxd5 12.exd5 a4 13.Ba3 O-O 14.O-O d6 15.b5 
Bd4 16.Qf4 Be5 17.Qf3 b6 18.c3 Bb7 19.Bc4 Qc7 20.Rb4 Ra5 21.Qe3 Bf6 22.
Rfb1 Bc8 23.Bd3 Qb7 24.Qf3 Bg5 25.R1b2 e6 26.Rc4 exd5 27.Rd4 Be6 28.h4 Bh6
29.Bxd6 Rfa8 30.Be5 Qe7 31.Bf6 Qf8 32.h5 a3 33.Ra2 Bg7 34.hxg6 fxg6 35.Rf4
Bxf6 36.Rxf6 Qe7 37.Rf4 Ra4 38.Rd4 Rxd4 39.cxd4 Bf7 40.Bf1 h5 41.Qc3 Be8 
42.g3 Kg7 43.Qb3 Ra7 44.Ra1 Bf7 45.Bg2 Qd6 46.Ra2 Ra5 47.Bf1 Be6 48.Qe3 
Bf5 49.Bd3 Bxd3 50.Qxd3 Qb4 51.Qe3 Qd6 52.Kg2 Ra7 53.Qf3 Kh7 54.Kg1 Kh6 
55.Kg2 Kg7 56.Kg1 Ra5 57.Kg2 Ra4 58.Qb3 Ra7 59.Qf3 Qf8 60.Qxd5 Qa8 61.Qc6 
Qxc6+ 62.bxc6 Kf6 63.c7 Rxc7 64.Rxa3 Rb7 65.Rb3 b5 66.Rb4 g5 67.Kh3 Kf5 
68.g4+ hxg4+ 69.Kg3 Rb8 70.d5 Ke5 71.Kxg4 Kxd5 72.d4 Ke4 73.Kxg5 1/2-1/2

[Event "18th Asian-ch"]
[Site "New Delhi IND"]
[Date "2022.10.27"]
[Round "2.2"]
[White "Urazaev, Arystanbek"]
[Black "Sethuraman, Panayapan"]
[Result "1/2-1/2"]
[WhiteElo "2458"]
[BlackElo "2645"]
[EventDate "2022.10.26"]
[PlyCount "111"]

1.e4 c5 2.Nf3 d6 3.d4 cxd4 4.Nxd4 Nf6 5.Nc3 a6 6.Be3 e6 7.a3 Nbd7 8.g4 h6 
9.h4 h5 10.gxh5 Nxh5 11.Qd2 b5 12.O-O-O Bb7 13.Kb1 Qc7 14.Bg5 Ne5 15.Rh3 
Nf6 16.Qe1 Rc8 17.f4 Nc4 18.Bxc4 Qxc4 19.f5 e5 20.Bxf6 gxf6 21.Nb3 Qc7 22.
Qe2 Qb6 23.Nd5 Bxd5 24.Rxd5 Rg8 25.Rh1 Rg3 26.Rd3 Rxd3 27.Qxd3 Bh6 28.Nc1 
a5 29.Na2 b4 30.axb4 axb4 31.Qb3 Rb8 32.Rd1 Ke7 33.c3 Qb7 34.Nxb4 Qxe4+ 
35.Qc2 Qc4 36.Qd3 Qxd3+ 37.Rxd3 Kd7 38.Nd5 Kc6 39.Ne7+ Kd7 40.Nd5 Kc6 41.
Kc2 Ra8 42.c4 Ra4 43.Kb3 Ra1 44.Ne7+ Kc7 45.Ng8 e4 46.Rd4 e3 47.Re4 d5 48.
cxd5 Bf4 49.Nxf6 Kd6 50.Kc2 Rh1 51.Ng4 Kxd5 52.Nf6+ Kd6 53.Ng4 Kd5 54.Nf6+
Kd6 55.Ng4 Kd5 56.Nf6+ 1/2-1/2

[Event "18th Asian-ch"]
[Site "New Delhi IND"]
[Date "2022.10.27"]
[Round "2.3"]
[White "Pranesh, Munirethinam"]
[Black "Aravindh, Chithambaram"]
[Result "1-0"]
[WhiteElo "2442"]
[BlackElo "2625"]
[EventDate "2022.10.26"]
[PlyCount "67"]

1.e4 c5 2.Nf3 Nc6 3.d4 cxd4 4.Nxd4 e5 5.Nb5 d6 6.N1c3 a6 7.Na3 Be7 8.Nc4 
b5 9.Ne3 Nf6 10.Ned5 O-O 11.Bd3 Be6 12.O-O Nd7 13.b4 Rc8 14.Bd2 Nb6 15.
Nxb6 Qxb6 16.Nd5 Qb7 17.a4 Bd8 18.axb5 axb5 19.Ra3 f5 20.c3 Qf7 21.Bc1 Bh4
22.f3 Qb7 23.Qe2 Rb8 24.Kh1 f4 25.Bd2 Rfc8 26.Rfa1 h6 27.Ra6 Bd8 28.Be1 
Kh8 29.Bf2 Bg8 30.h3 Be6 31.Kh2 h5 32.Nb6 Rc7 33.Bxb5 Ne7 34.Qd3 1-0

[Event "18th Asian-ch"]
[Site "New Delhi IND"]
[Date "2022.10.27"]
[Round "2.4"]
[White "Karthikeyan, Murali"]
[Black "Venkatesh, M. R."]
[Result "1-0"]
[WhiteElo "2623"]
[BlackElo "2470"]
[EventDate "2022.10.26"]
[PlyCount "65"]

1.e4 e5 2.Nf3 Nc6 3.Bb5 a6 4.Ba4 Nf6 5.O-O b5 6.Bb3 Bc5 7.c3 d6 8.a4 Rb8 
9.d4 Bb6 10.Na3 O-O 11.axb5 axb5 12.Nxb5 Bg4 13.Re1 Bxf3 14.gxf3 Nh5 15.
Kh1 Qf6 16.Be3 Nd8 17.Rg1 Ne6 18.Bc4 Nef4 19.Bf1 c6 20.Na3 d5 21.Nc2 Bc7 
22.b4 Ne6 23.Ra7 exd4 24.Nxd4 Nxd4 25.Rxc7 Nb5 26.Bxb5 Rxb5 27.e5 Qxe5 28.
Rxc6 Qe8 29.Rc5 Nf6 30.Rxb5 Qxb5 31.Bd4 Qa6 32.Qd2 g6 33.Qg5 1-0

[Event "18th Asian-ch"]
[Site "New Delhi IND"]
[Date "2022.10.27"]
[Round "2.5"]
[White "Srihari, L. R."]
[Black "Adhiban, Baskaran"]
[Result "0-1"]
[WhiteElo "2436"]
[BlackElo "2603"]
[EventDate "2022.10.26"]
[PlyCount "70"]

1.d4 g6 2.c4 Bg7 3.g3 c5 4.d5 Qa5+ 5.Qd2 Qxd2+ 6.Nxd2 d6 7.Bh3 Bxh3 8.Nxh3
Nf6 9.Nf4 Na6 10.Rb1 Nb4 11.a3 Na2 12.O-O O-O 13.Ra1 Nxc1 14.Rfxc1 b5 15.
cxb5 Rfb8 16.a4 a6 17.e4 Bh6 18.Kg2 axb5 19.axb5 Rxa1 20.Rxa1 Rxb5 21.Ra8+
Kg7 22.b3 c4 23.Nxc4 Bxf4 24.gxf4 Nxe4 25.Ra7 Kf6 26.Ne3 h5 27.Ra4 Nc5 28.
Ra8 Rxb3 29.Rh8 Nd3 30.Kg3 Rb4 31.Ng2 Rd4 32.Kf3 Nb4 33.Ke3 Rc4 34.Rh7 
Nxd5+ 35.Kf3 Rc3+ 0-1

[Event "18th Asian-ch"]
[Site "New Delhi IND"]
[Date "2022.10.27"]
[Round "2.6"]
[White "Vokhidov, Shamsiddin"]
[Black "Nitish, Belurkar"]
[Result "1/2-1/2"]
[WhiteElo "2568"]
[BlackElo "2435"]
[EventDate "2022.10.26"]
[PlyCount "61"]

1.e4 c5 2.Nf3 a6 3.g3 Nc6 4.Bg2 e5 5.O-O g6 6.c3 Bg7 7.d4 exd4 8.cxd4 cxd4
9.Bf4 d6 10.Na3 Bg4 11.Qb3 Qc7 12.Nc4 Rd8 13.Qa3 Be5 14.Bd2 Bg7 15.Rac1 
Nge7 16.Bf4 O-O 17.Bxd6 Qd7 18.Bc5 Rfe8 19.Rfd1 Nc8 20.Qd3 b5 21.Ncd2 Nd6 
22.Qa3 a5 23.h3 Bxf3 24.Bxf3 Ne5 25.Bxd4 Qxh3 26.Bg2 Qe6 27.Qb3 Qxb3 28.
Nxb3 Ndc4 29.f4 a4 30.Bxe5 Nxe5 31.Nc5 1/2-1/2

[Event "18th Asian-ch"]
[Site "New Delhi IND"]
[Date "2022.10.27"]
[Round "2.7"]
[White "Mendonca, Leon Luke"]
[Black "Amartuvshin, Ganzorig"]
[Result "1-0"]
[WhiteElo "2558"]
[BlackElo "2406"]
[EventDate "2022.10.26"]
[PlyCount "57"]

1.d4 Nf6 2.c4 e6 3.Nf3 d5 4.Nc3 Bb4 5.e3 O-O 6.Bd2 b6 7.cxd5 exd5 8.Bd3 
Bb7 9.O-O Bd6 10.Nb5 Be7 11.Ne5 c5 12.f4 Nc6 13.Rc1 a6 14.Nc3 cxd4 15.Nxc6
Bxc6 16.exd4 Ne4 17.Be3 Nxc3 18.Rxc3 Bb5 19.Bxb5 axb5 20.Qb3 Qd7 21.Rfc1 
Ra4 22.Rc7 Qe6 23.Bf2 Bf6 24.Qxb5 Rxa2 25.R7c6 Qe4 26.Rc8 Ra8 27.Rxa8 Rxa8
28.Re1 Bxd4 29.Kf1 1-0

[Event "18th Asian-ch"]
[Site "New Delhi IND"]
[Date "2022.10.27"]
[Round "2.8"]
[White "Shyam Sundar, M."]
[Black "Saydaliev, Saidakbar"]
[Result "1-0"]
[WhiteElo "2518"]
[BlackElo "2376"]
[EventDate "2022.10.26"]
[PlyCount "162"]

1.d4 Nf6 2.Nf3 e6 3.Bf4 c5 4.e3 d5 5.Nbd2 Nc6 6.Bb5 Bd6 7.dxc5 Bxc5 8.c4 
O-O 9.O-O Bd7 10.Qe2 a6 11.Bxc6 Bxc6 12.Ne5 Rc8 13.Rfd1 Qb6 14.Bg5 Nd7 15.
Nxc6 bxc6 16.Nb3 h6 17.Bf4 Rfe8 18.Rac1 Bf8 19.e4 a5 20.Be3 Qa6 21.Nd4 Nf6
22.e5 Nd7 23.Bf4 a4 24.Qg4 g6 25.Qh3 Bg7 26.Nf3 g5 27.Be3 Qb7 28.Rc2 Qb8 
29.Qh5 Nxe5 30.h4 Nxf3+ 31.Qxf3 f6 32.Rdc1 Qb7 33.hxg5 fxg5 34.Qg4 Qd7 35.
cxd5 cxd5 36.Rxc8 Rxc8 37.Rxc8+ Qxc8 38.Qxa4 Bxb2 39.Qb3 Be5 40.a4 d4 41.
Bd2 Qa6 42.a5 Kf7 43.Qf3+ Bf6 44.g3 Qb5 45.Qe4 Ke7 46.Qh7+ Kd6 47.Qxh6 
Qb1+ 48.Kg2 Qb7+ 49.Kg1 Qb1+ 50.Kg2 Qb7+ 51.Kh2 Qf7 52.Kg1 d3 53.Bxg5 Bxg5
54.Qxg5 Qf3 55.a6 Qe2 56.a7 d2 57.Qd8+ Ke5 58.a8=Q d1=Q+ 59.Qxd1 Qxd1+ 60.
Kg2 Qc1 61.Qf3 Qb1 62.Qf4+ Kd5 63.g4 Qh7 64.Qd2+ Kc6 65.Kg3 e5 66.Qd8 Qf7 
67.f3 Qf4+ 68.Kg2 Qe3 69.Qd1 Kc7 70.Qd5 Qe2+ 71.Kh3 Qe3 72.Qe4 Qh6+ 73.Kg3
Kd6 74.f4 Kd7 75.Qf5+ Kd8 76.Qxe5 Qh1 77.Qe3 Kd7 78.f5 Qa1 79.g5 Qb1 80.f6
Qh7 81.Qa7+ Kd6 1-0